Motifs in Indian mythology : (Record no. 1740)

MARC details
000 -LEADER
fixed length control field 01184nam a2200349 a 4500
001 - CONTROL NUMBER
control field data
005 - DATE AND TIME OF LATEST TRANSACTION
control field 20260322212115.0
008 - FIXED-LENGTH DATA ELEMENTS--GENERAL INFORMATION
fixed length control field data
035 ## - SYSTEM CONTROL NUMBER
System control number 4712200
010 ## - LIBRARY OF CONGRESS CONTROL NUMBER
LC control number 82901222
035 ## - SYSTEM CONTROL NUMBER
-- (DLC) 82901222
040 ## - CATALOGING SOURCE
Original cataloging agency DLC
Transcribing agency DLC
Modifying agency DLC
043 ## - GEOGRAPHIC AREA CODE
Geographic area code e-gr---
-- e-gr---
050 00 - LIBRARY OF CONGRESS CALL NUMBER
Classification number BL2003
Item number .A76 1981
082 00 - DEWEY DECIMAL CLASSIFICATION NUMBER
Classification number 294.5/13
Edition information 19
100 1# - MAIN ENTRY--PERSONAL NAME
Personal name Arora, Udai Prakash,
Dates associated with a name 1944-
245 10 - TITLE STATEMENT
Title Motifs in Indian mythology :
Remainder of title their Greek and other parallels /
Statement of responsibility, etc. Udai Prakash Arora ; foreword by R.N. Dandekar ; introduction by J.S. Negi.
260 ## - PUBLICATION, DISTRIBUTION, ETC.
Place of publication, distribution, etc. New Delhi :
Name of publisher, distributor, etc. Indika Pub. House,
Date of publication, distribution, etc. 1981.
300 ## - PHYSICAL DESCRIPTION
Extent xxiv, 248 p. ;
Dimensions 25 cm.
336 ## - CONTENT TYPE
Content type term text
Content type code txt
Source rdacontent
337 ## - MEDIA TYPE
Media type term unmediated
Media type code n
Source rdamedia
338 ## - CARRIER TYPE
Carrier type term volume
Carrier type code nc
Source rdacarrier
500 ## - GENERAL NOTE
General note Based on the author's thesis (doctoral--University of Allahabad)
500 ## - GENERAL NOTE
General note Includes index.
504 ## - BIBLIOGRAPHY, ETC. NOTE
Bibliography, etc. note Bibliography: p. [211]-238.
650 #0 - SUBJECT ADDED ENTRY--TOPICAL TERM
Topical term or geographic name entry element Mythology, Indic.
650 #0 - SUBJECT ADDED ENTRY--TOPICAL TERM
Topical term or geographic name entry element Mythology, Greek.
650 #0 - SUBJECT ADDED ENTRY--TOPICAL TERM
Topical term or geographic name entry element Mythology.
906 ## - LOCAL DATA ELEMENT F, LDF (RLIN)
a 7
b cbc
c orignew
d 3
e ncip
f 19
g y-gencatlg
991 ## -
-- c-GenColl
-- BL2003
-- .A76 1981
-- 00009936919
-- Copy 1
-- BOOKS
Holdings
Withdrawn status Lost status Damaged status Not for loan Home library Current library Shelving location Date acquired Total checkouts Full call number Barcode Date last seen Price effective from Koha item type
        Fairview Fairview General stacks 22/03/2026   294.5/13 LOC-FPL-00025 22/03/2026 22/03/2026 Books